|
|
|
|
| LEADER |
00000nab#a22000007a#4500 |
| 001 |
arbauad003842 |
| 003 |
AR-BaUAD |
| 005 |
20250711110611.0 |
| 008 |
940316|||||||||###||||||b###|0###a|spa|| |
| 040 |
|
|
|a AR-BaUAD
|c AR-BaUAD
|b spa
|
| 245 |
1 |
0 |
|a Escuelas Nº25 y 26 Distrito 19 Lugano I y II
|
| 300 |
0 |
|
|b fot., plantas, cortes
|
| 653 |
|
|
|a ARQUITECTURA EDUCACIONAL
|
| 653 |
|
|
|a ESCUELAS PRIMARIAS
|
| 653 |
|
|
|a BUENOS AIRES, CIUDAD
|
| 653 |
|
|
|a CONJUNTO LUGANO I Y II
|
| 653 |
|
|
|a CONSEJO NACIONAL DE EDUCACION
|
| 653 |
|
|
|a PARQUE ALMIRANTE BROWN
|
| 773 |
0 |
|
|t SUMMA
|g no. 68 [oct. 1973], p. 85-87
|
| 942 |
|
|
|c ARTI
|
| 952 |
|
|
|0 0
|1 0
|4 0
|7 0
|9 48762
|a AR-BAuAD
|b AR-BAuAD
|d 2025-07-11
|l 0
|p AAQA003842
|r 2025-07-11 11:06:11
|w 2025-07-11
|y ARTI
|
| 990 |
|
|
|a AQ197
|b TD
|
| 998 |
|
|
|a AAQ
|b BIBUN76
|
| 999 |
|
|
|c 28435
|d 28435
|